Semantics : (Record no. 1944)
[ view plain ]
| 000 -LEADER | |
|---|---|
| fixed length control field | 01095cam a2200301 4500 |
| 001 - CONTROL NUMBER | |
| control field | 1944 |
| 003 - CONTROL NUMBER IDENTIFIER | |
| rucl marc code | BD-RjUL |
| 005 - DATE AND TIME OF LATEST TRANSACTION | |
| control field | 20211208233440.0 |
| 008 - FIXED-LENGTH DATA ELEMENTS--GENERAL INFORMATION | |
| fixed length control field | 711005r19751971enka b 001 0 eng |
| 020 ## - INTERNATIONAL STANDARD BOOK NUMBER | |
| International Standard Book Number | 0521078229 |
| 035 ## - SYSTEM CONTROL NUMBER | |
| System control number | (BD-RjUL)1971 |
| 040 ## - CATALOGING SOURCE | |
| Original cataloging agency | DLC |
| Transcribing agency | DLC |
| Modifying agency | DLC |
| -- | BD-RjUL |
| Language of cataloging | eng |
| 041 ## - LANGUAGE CODE | |
| Language code of text/sound track or separate title | eng |
| 082 00 - DEWEY DECIMAL CLASSIFICATION NUMBER | |
| Classification number | 149.94 |
| Edition number | 19 |
| Author mark and year | SEM 1975 |
| 245 10 - TITLE STATEMENT | |
| Title | Semantics : |
| Statement of responsibility, etc. | Edited by Danny D. Steinberg & Leon A. Jakobovits. |
| Remainder of title | an interdisciplinary reader in philosophy, linguistics and psychology / |
| 260 ## - PUBLICATION, DISTRIBUTION, ETC. (IMPRINT) | |
| Place of publication, distribution, etc. | Cambridge [Eng.] : |
| Name of publisher, distributor, etc. | University Press, |
| Date of publication, distribution, etc. | c1971 [Reprinted 1975]. |
| 300 ## - PHYSICAL DESCRIPTION | |
| Pagination | x, 603 p. : |
| Illustrations | illus. ; |
| Size | 24 cm. |
| 504 ## - BIBLIOGRAPHY, ETC. NOTE | |
| Bibliography, etc | Includes bibliographies. |
| 650 #0 - SUBJECT ADDED ENTRY--TOPICAL TERM | |
| Topical term or geographic name as entry element | Semantics (Philosophy) |
| 9 (RLIN) | 6425 |
| Topical term or geographic name as entry element | Semantics. |
| 9 (RLIN) | 6426 |
| 700 1# - ADDED ENTRY--PERSONAL NAME | |
| Personal name | Steinberg, Danny D., |
| Personal name | Jakobovits, Leon A., |
| 856 42 - ELECTRONIC LOCATION AND ACCESS | |
| Materials specified | Publisher description |
| Uniform Resource Identifier | <a href="http://www.loc.gov/catdir/enhancements/fy1005/78123675-d.html">http://www.loc.gov/catdir/enhancements/fy1005/78123675-d.html</a> |
| Materials specified | Table of contents only |
| Uniform Resource Identifier | <a href="http://www.loc.gov/catdir/enhancements/fy1005/78123675-t.html">http://www.loc.gov/catdir/enhancements/fy1005/78123675-t.html</a> |
| 942 ## - ADDED ENTRY ELEMENTS (KOHA) | |
| Source of classification or shelving scheme | Dewey Decimal Classification |
| Koha item type | Books |
| Lost status | Source of classification or shelving scheme | Damaged status | Not for loan | Collection code | Permanent Location | Current Location | Shelving location | Date acquired | Source of acquisition | Cost, normal purchase price | Total Checkouts | Full call number | Date last seen | Copy number | Koha item type |
|---|---|---|---|---|---|---|---|---|---|---|---|---|---|---|---|
| Dewey Decimal Classification | Not For Loan | Non-fiction | Central Library, University of Rajshahi | Central Library, University of Rajshahi | Reading Room | 09/05/1977 | W. Heffer and Sons. | 3.40 | 149.94 SEM 1975 | 10/12/2013 | C-1 | Books | |||
| Dewey Decimal Classification | Non-fiction | Central Library, University of Rajshahi | Central Library, University of Rajshahi | 09/05/1977 | Heffers & Sons | 3.40 | 149.94 SEM 1971 | 02/04/2014 | C-2 | Books | |||||
| Dewey Decimal Classification | Non-fiction | Central Library, University of Rajshahi | Central Library, University of Rajshahi | 09/05/1977 | W.Helfers and Son | 3.40 | 149.94 SEM 1975 | 08/04/2014 | C-3 | Books |